Brandbuilding v športe bakalárska práca

Na minha lista:
Detalhes bibliográficos
Autor principal: Kizeková, Michaela
Autor Corporativo: Obchodná fakulta EU. Katedra marketingu
Outros Autores: Krako, Jakub
Formato: Livro
Idioma:eslovaco
Publicado em: Bratislava 2016
Tags: Adicionar Tag
Sem tags, seja o primeiro a adicionar uma tag!

MARC

LEADER 00000nbm a2200000 4500
001 0218812
005 20170120153953.4
041 0 |a slo 
044 |a SK 
245 1 0 |a Brandbuilding v športe  |b bakalárska práca  |c Michaela Kizeková ; školiteľ: Jakub Krako 
264 1 |a Bratislava  |c 2016 
300 |a 59 s. 
100 1 |a Kizeková, Michaela 
700 1 |a Krako, Jakub 
710 2 |a Obchodná fakulta EU. Katedra marketingu